|
|
|
|
| LEADER |
01420nam a2200361 a 4500 |
| 001 |
mzk03001079910 |
| 003 |
CZ BrMZK |
| 005 |
20111116071248.0 |
| 007 |
ta |
| 008 |
070126s1800 au a fr|||||00| ||gerod |
| 040 |
|
|
|a BOA001
|b cze
|
| 044 |
|
|
|a au
|a xr
|
| 072 |
|
7 |
|a 094
|x Staré tisky
|2 Konspekt
|9 12
|
| 080 |
|
|
|a (0.068)094
|2 MRF
|
| 100 |
1 |
|
|a Heinold, Anton
|4 aut
|
| 245 |
1 |
0 |
|a Kurze Biographien aller bekannten Griechischen und Lateinischen Schriftsteller vom Anfang der Wissenschaften bis ins fünfte Jahrhundert /
|c In alphabetischer Ordnung zusammengetragen von Anton Heinold
|
| 260 |
|
|
|a Wien ;
|a und Prag :
|b bey Franz Haas,
|c 1800
|
| 300 |
|
|
|a [2], XVI, 292 s., [1] příl. ;
|c 8°
|
| 500 |
|
|
|a Výzdoba: Mědirytinový frontispis, titulní strana tištěna mědirytem, nad impresem medailon
|
| 561 |
|
|
|a Provenience: Ex libris Vincentii Ziak 1821
|
| 561 |
|
|
|a Provenience: [razítko] Episcopale Seminarium Puerorum Dioecesaneum Brunense
|
| 563 |
|
|
|a Původní papírová vazba
|
| 655 |
|
7 |
|a staré tisky
|7 fd422076
|2 czenas
|
| 910 |
|
|
|a BOA001
|b BS-0000.171
|
| 978 |
|
|
|b Haas, Franz
|a Praha
|c 1800
|
| 978 |
|
|
|b Haas, Franz
|a Wien
|c 1800
|
| 984 |
|
|
|a Praha
|b Česko
|
| 984 |
|
|
|a Vídeň
|b Rakousko
|
| 985 |
|
|
|a 1751-1800
|
| 990 |
|
|
|a BK
|
| 993 |
|
|
|a Y
|
| 991 |
|
|
|k mzk
|
| 996 |
6 |
|
|b 2610430739
|c BS-0000.171
|l stud. ST
|r Sklad / do násl. otevíracího dne
|n 0
|h III.c.6
|w 001115535
|x 9
|u 000010
|a 1
|e BOA001
|s P
|